Thương mại 2 New Silk Road Business Chinese Intermediate 2/Xin si lu. zhong ji su cheng shang wu han yu

Bewaard in:
Bibliografische gegevens
Hoofdauteur: Cui Huashan
Formaat: Boek
Taal:Chinese
Gepubliceerd in: China Peking University Press 2009
Onderwerpen:
Tags: Voeg label toe
Geen labels, Wees de eerste die dit record labelt!
Thư viện lưu trữ: Trung tâm Học liệu Lê Vũ Hùng, Trường Đại học Đồng Tháp
LEADER 00778aam a22002418a 4500
001 00028961
005 20171026081023.0
008 120425s2009 ||||||chisd
020 # # |a 9787301137208  |c 126000 
041 0 # |a chi 
082 1 4 |a 495.1  |b TH561M 
100 1 # |a  Cui Huashan 
245 1 0 |a Thương mại 2  |b New Silk Road Business Chinese Intermediate 2/Xin si lu. zhong ji su cheng shang wu han yu  |c  Cui Huashan 
260 # # |a China  |b Peking University Press  |c 2009 
300 # # |a 151 p.  |c 26 cm. 
653 # # |a Thương mại 
653 # # |a Tiếng Hoa 
653 # # |a từ vựng 
852 # # |b Kho đọc  |j KD.0013412 
852 # # |j KD.0013425 
910 |d 25/04/2012 
980 # # |a Trung tâm Học liệu Lê Vũ Hùng, Trường Đại học Đồng Tháp